Statistics for Bahamas... or Barbados?

Click here to take the quiz!

General Stats

  • This quiz has been taken 79 times
  • The average score is 9 of 15

Answer Stats

QuestionAnswer% Correct
Is larger in area?Bahamas
84%
Has a higher population density?Barbados
81%
Has a higher GDP per capita?Bahamas
74%
Is a part of Lesser Antilles?Barbados
74%
Has a higher maximum elevation?Barbados
70%
Has Spanish as an official language?Neither
65%
Has the capital of Castries?Neither
58%
Uses the dollar as its currency?Both
56%
Over 90% of its population is black?Both
53%
Has a higher HDI?They both have roughly the same HDI.
53%
Has the colors blue, black, and yellow on its flag?Both
49%
Their motto is "Move forward, upward, onward, together."Bahamas
46%
Gets more rainfall?Barbados
46%
Became independent first?Barbados
40%
Is a commonwealth?Bahamas
26%

Score Distribution

Percentile by Number Answered

Percent of People with Each Score

Your Score History

You have not taken this quiz